00338nam a2200133Ia 4500008004100000041000800041082001700049100001700066245005800083260002200141300000800163365001600171700001700187230718s9999 xx 000 0 und d aeng a620.071bNAT aNatarajan R. aTechnical Education Current Status & Future Direction c2005bICFAI Books a229 cRs.b550.00 aNatarajan R.